Nucleus music terminology : (Record no. 95317)

MARC details
000 -LEADER
fixed length control field 00581nam a22001817a 4500
005 - DATE AND TIME OF LATEST TRANSACTION
control field 20151102151434.0
010 ## - LCCN (DPL NO)
LC control number ENG-113723
020 ## - INTERNATIONAL STANDARD BOOK NUMBER
International Standard Book Number 9789383946051
Terms of availability 300.00
035 ## - SYSTEM CONTROL NUMBER
System control number EN- 97255
037 ## - SOURCE OF ACQUISITION
Source of stock number/acquisition DBAD/PUB
082 ## - DEWEY DECIMAL CLASSIFICATION NUMBER
Classification number 780.3
245 ## - TITLE STATEMENT
Title Nucleus music terminology :
Statement of responsibility, etc edited by Shalini
Remainder of title enhance your subjective word power /
260 ## - PUBLICATION, DISTRIBUTION, ETC. (IMPRINT)
Place of publication, distribution, etc Greater Noida
Name of publisher, distributor, etc Nucieus Books & Encyclopedia
Date of publication, distribution, etc 2015
270 ## - ADDRESS
Address Office Add. 2nd Floor, B-31, Packet P3
City Greater Noida
Postal code 201308
300 ## - PHYSICAL DESCRIPTION
Extent 192p.
Dimensions 21cm(pbk)
700 ## - ADDED ENTRY--PERSONAL NAME
Personal name Shalini
942 ## - ADDED ENTRY ELEMENTS (KOHA)
Source of classification or shelving scheme Dewey Decimal Classification
Item type English Books
Call number suffix NUC
Classification part 780.3
Holdings
Withdrawn status Lost status Not for loan Collection code Home library Current library Date acquired Source of acquisition Cost, normal purchase price Full call number Barcode Copy number Cost, replacement price Koha item type
    Not For Loan Non-fiction D.B.Act.Division D.B.Act.Division 29/07/2015 DBAD/PUB 300.00 780.3 NUC EN-97255 1 300.00 English Books

© Delhi Public Library
Hit Counter
free hit counter